La biografía difusa de sombra casteñeda / (Registro nro. 14101)

Detalles MARC
000 -LIDER
fixed length control field 00447nam a22001577a 4500
003 - IDENTIFICACDOR DE NÚMERO DE CONTROL
control field DO-SdBNP
005 - DATE AND TIME OF LATEST TRANSACTION
control field 20220322135135.0
008 - ELEMENTOS DE LONGITUD FIJA
fixed length control field 220322b1984 dr || |||| 00| 0 spa d
040 ## - FUENTE DE CATALOGACIÓN
Agencia que crea de manera original el registro BPMSU
Idioma de catalogación spa
Agencia que realiza la transcripción BPMSU
082 ## - NÚMERO DE CLASIFICACIÓN DECIMAL DE DEWEY
Item number V443b 1984
100 1# - ASIENTO PRINCIPAL -- NOMBRE PERSONAL
Nombre personal Veloz, Maggiolo Marcio
Fechas asociadas con el nombre 1936-2021
245 ## - MENCIÓN DE TITULO
Título La biografía difusa de sombra casteñeda /
Mención de responsabilidad Marcio Veloz Maggiolo
260 ## - PUBLICACIÓN, DISTRIBUCIÓN, ETC. (PIE DE IMPRENTA)
Lugar de publicación, distribución, etc Santo Domingo:
Nombre del editor, distribuidor, etc. taller
Fecha de publicación, distribución, etc 1984
300 ## - DESCRIPCIÓN FÍSICA
Extensión 214 p;
Dimensiones 22 cm
942 ## - ADDED ENTRY ELEMENTS (KOHA)
Source of classification or shelving scheme Dewey Decimal Classification
Koha item type Libros
Existencias
Withdrawn status Lost status Source of classification or shelving scheme Damaged status Not for loan Home library Current library Date acquired Total Checkouts Full call number Date last seen Price effective from Koha item type
    Dewey Decimal Classification     Biblioteca Pública Metropolitana Salomé Ureña Biblioteca Pública Metropolitana Salomé Ureña 03/22/2022   V443b 1984 03/22/2022 03/22/2022 Libros